书目信息 |
| 题名: |
不列颠博物学家
|
|
| 作者: | 艾伦 著 ;程玺 译 | |
| 分册: | ||
| 出版信息: | 上海 上海交通大学出版社 2017 |
|
| 页数: | 365页 | |
| 开本: | 23cm | |
| 丛书名: | 博物学文化丛书 | |
| 单 册: | ||
| 中图分类: | N91-49 | |
| 科图分类: | ||
| 主题词: | 博物学--历史--普及读物 | |
| 电子资源: | ||
| ISBN: | 978-7-313-17071-2 | |
| 000 | 01235oam2 2200289 450 | |
| 001 | 1916 | |
| 005 | 20180522152722.42 | |
| 010 | @a978-7-313-17071-2@b精装@dCNY68.00 | |
| 100 | @a20170905d2017 em y0chiy50 ea | |
| 101 | 1 | @achi@ceng |
| 102 | @aCN@b310000 | |
| 105 | @aa z 000yy | |
| 200 | 1 | @a不列颠博物学家@9bu lie dian bo wu xue jia@e一部社会史@dThe naturalist in Britain@ea social history@f大卫·埃利斯顿·艾伦著@g程玺译@zeng |
| 210 | @a上海@c上海交通大学出版社@d2017 | |
| 215 | @a365页@c图@d23cm | |
| 225 | 2 | @a博物学文化丛书@v014 |
| 300 | @a国家社科基金重大项目“西方博物学文化与公众生态意识关系研究”和“世界科学技术通史研究”资助 | |
| 330 | @a本书从社会史的角度极富创新性地研究了不列颠的博物学家,追溯了他们从17世纪到20世纪初期的发展历程,讲述了学徒药剂师们的“植物采集活动”、国家保护区和跨国协会的建立,也讲述了博物学作为一门组织化学科的诞生过程。 | |
| 461 | 0 | @12001 @a博物学文化丛书 |
| 510 | 1 | @aNaturalist in Britain@ea social history@zeng |
| 517 | 1 | @a一部社会史@9yi bu she hui shi |
| 606 | 0 | @a博物学@x历史@j普及读物 |
| 690 | @aN91-49@v5 | |
| 701 | 0 | @c(英)@a艾伦@9ai lun@c(Allen, David Ellison)@4著 |
| 702 | 0 | @a程玺@9cheng xi@4译 |
| 801 | 0 | @aCN@b91MARC@c20170905 |
| 905 | @aMuseLib@dN91-49@e7 | |
| 不列颠博物学家:一部社会史=The naturalist in Britain:a social history/大卫·埃利斯顿·艾伦著/程玺译.-上海:上海交通大学出版社,2017 |
| 365页:图;23cm.-(博物学文化丛书;014) |
| 国家社科基金重大项目“西方博物学文化与公众生态意识关系研究”和“世界科学技术通史研究”资助 |
| ISBN 978-7-313-17071-2(精装):CNY68.00 |
| 本书从社会史的角度极富创新性地研究了不列颠的博物学家,追溯了他们从17世纪到20世纪初期的发展历程,讲述了学徒药剂师们的“植物采集活动”、国家保护区和跨国协会的建立,也讲述了博物学作为一门组织化学科的诞生过程。 |
| ● |
| 相关链接 |
|
|
|
|
正题名:不列颠博物学家
索取号:N91-49/7
 
预约/预借
| 序号 | 登录号 | 条形码 | 馆藏地/架位号 | 状态 | 备注 |
| 1 | 1107207 | 211072079 | 第二样本阅览室/ [索取号:N91-49/7] | 在馆 | |
| 2 | 1107208 | 211072088 | 教育系资料室/ [索取号:N91-49/7] | 在馆 | |
| 3 | 1107209 | 211072097 | 教育系资料室/ [索取号:N91-49/7] | 在馆 | |
| 4 | 1107210 | 211072104 | 第三借阅区/ [索取号:N91-49/7] | 在馆 |